000 00608nam a2200217Ia 4500
003 GCL
008 140319s9999 xx 000 0 ara d
040 _aGCL /
_cGCL
082 0 4 _aد
_b050
_bم م
100 1 _aدار اخبار اليوم
245 1 0 _aالمجلة /
_cدار اخبار اليوم
260 _a[S.N] :
_bدار اخبار اليوم
300 _a136
490 _aكتب الصور للاطفال
_v0
650 0 4 _aالادب
650 0 4 _aالتاريخ
650 0 4 _aالقصة
650 0 4 _aالادب العربى - تاريخ
650 0 4 _aالفنون
942 _2ddc
_cCF
999 _c27053
_d27053